| 000 | 00858nam a2200265 a 4500 | ||
|---|---|---|---|
| 001 | 54922 | ||
| 003 | BD-RJUL | ||
| 005 | 20211209080205.0 | ||
| 008 | 161112r20052001enk b 001 0 eng d | ||
| 020 | _a0415238285 | ||
| 035 | _aBD-RjUL55044 | ||
| 035 | _a(OCoLC)46941087 | ||
| 040 |
_aBDS _beng _cBD-RjUL |
||
| 041 | _aeng | ||
| 082 | 1 | 4 |
_a823.809 _223 _bNIN 2005 |
| 245 | 0 | 4 |
_aThe nineteenth-century novel : _ba critical reader / _cedited by Stephen Regan. |
| 260 |
_aLondon : _bRoutledge, _c2001 [reprint 2005] |
||
| 300 |
_axii, 573 p. ; _c24 cm. |
||
| 504 | _aIncludes bibliographic references and index. | ||
| 581 | 8 | _aPublished in association with the Open University | |
| 650 | 0 |
_aEnglish Fiction _y19th century _xHistory and criticism. _9124434 |
|
| 700 | 1 |
_aRegan, Stephen, _d1957- _9163731 |
|
| 942 |
_2ddc _cBK |
||
| 999 |
_c54922 _d54922 |
||